000 02909nam a22003497a 4500
005 20110719100853.0
010 _aENG-103035 B-459169-178
020 _a9788184246834
_c1050.00
035 _aEN-86568 B-459169-178
037 _bDBAD/PUB
037 _bAllied Pub/Ven
082 _a338.951
100 _aMishra, R.K.
_947358
245 _aEconomic reforms in India and China /
_cby R.K. Mishra [and] Zhou Shaopeng
260 _aNew Delhi
_bAllied Publishers
_c2011
270 _a1/13-14 Asaf Ali Road
_bNew Delhi
_e110002
300 _axii,274p.
_c24cm (Hb)
700 _929668
_aShaopeng, Zhou
942 _2ddc
_cEN
_mMIS
_h338.951
999 _c53982
_d53982